[Event "Budapest-chT1 Lilienthal 1314"]
[Site "Budapest"]
[Date "2013.12.15"]
[Round "5"]
[White "Nogrady, Izsak"]
[Black "Magos, Mate"]
[Result "0-1"]
[WhiteElo "1334"]
[BlackElo "1453"]
[PlyCount "50"]
[EventDate "2013.09.29"]
[EventType "team-tourn"]
[EventRounds "11"]
[EventCountry "HUN"]
[SourceTitle "EXT 2021"]
[Source "ChessBase"]
[SourceDate "2020.10.23"]
[SourceVersion "1"]
[SourceVersionDate "2020.10.23"]
[SourceQuality "1"]
[WhiteTeam "Fabulon"]
[BlackTeam "Csepel"]
[WhiteTeamCountry "HUN"]
[BlackTeamCountry "HUN"]

1. e4 e6 2. d4 d5 3. exd5 exd5 4. Nc3 c6 5. Bd3 Nf6 6. Bg5 Be7 7. Qe2 Bg4 8. f3 Be6 9. Bxf6 Bxf6 10. Qe3 0-0 11. Nge2 Re8 12. 0-0-0 Nd7 13. Rde1 Nb6 14. Qd2 h6 15. Nf4 Qd6 16. Nxe6 Rxe6 17. Bf5 Bg5 18. Qxg5 Rxe1+ 19. Rxe1 hxg5 20. Re5 Nc4 21. Re2 Qf4+ 22. Kd1 Qxf5 23. b3 Nd6 24. Kd2 Re8 25. Rxe8+ Nxe8 0-1